<?xml version="1.0" encoding="UTF-8"?>
<record
    xmlns:xsi="http://www.w3.org/2001/XMLSchema-instance"
    xsi:schemaLocation="http://www.loc.gov/MARC21/slim http://www.loc.gov/standards/marcxml/schema/MARC21slim.xsd"
    xmlns="http://www.loc.gov/MARC21/slim">

  <leader>00885cam a22002411  4500</leader>
  <controlfield tag="001">ne 66000480 </controlfield>
  <controlfield tag="003">DLC</controlfield>
  <controlfield tag="005">20260227111821.0</controlfield>
  <controlfield tag="008">820111s1966    sy            000 0 ararc</controlfield>
  <datafield tag="010" ind1=" " ind2=" ">
    <subfield code="a">ne 66000480 </subfield>
  </datafield>
  <datafield tag="025" ind1=" " ind2=" ">
    <subfield code="a">PL480:UAR-8480</subfield>
  </datafield>
  <datafield tag="035" ind1=" " ind2=" ">
    <subfield code="a">(OCoLC)8056193</subfield>
  </datafield>
  <datafield tag="040" ind1=" " ind2=" ">
    <subfield code="a">Princeton Univ. Libr.</subfield>
    <subfield code="c">TU</subfield>
    <subfield code="d">TU</subfield>
    <subfield code="d">DLC</subfield>
  </datafield>
  <datafield tag="042" ind1=" " ind2=" ">
    <subfield code="a">premarc</subfield>
  </datafield>
  <datafield tag="050" ind1="0" ind2="0">
    <subfield code="a">ML330</subfield>
    <subfield code="b">.I4</subfield>
  </datafield>
  <datafield tag="100" ind1="1" ind2=" ">
    <subfield code="a">Ikhtiy&#x101;r, Nas&#x12B;b.</subfield>
  </datafield>
  <datafield tag="245" ind1="1" ind2="3">
    <subfield code="a">al-Fulkl&#x16B;r al-ghin&#x101;&#x2BC;&#x12B; &#x2BB;inda al-&#x2BB;Arab</subfield>
    <subfield code="c">[ta&#x2BC;l&#x12B;f] Nas&#x12B;b al-Ikhtiy&#x101;r.</subfield>
  </datafield>
  <datafield tag="260" ind1=" " ind2=" ">
    <subfield code="a">[Dimashq]</subfield>
    <subfield code="b">al-Ma&#x1E6D;ba&#x2BB;ah wa-al-Jar&#x12B;dah al-Rasm&#x12B;yah</subfield>
    <subfield code="c">[1966]</subfield>
  </datafield>
  <datafield tag="300" ind1=" " ind2=" ">
    <subfield code="a">116 p.</subfield>
    <subfield code="c">25 cm.</subfield>
  </datafield>
  <datafield tag="440" ind1=" " ind2="3">
    <subfield code="a">al-Silsilah al-fann&#x12B;yah,</subfield>
    <subfield code="v">7</subfield>
  </datafield>
  <datafield tag="500" ind1=" " ind2=" ">
    <subfield code="a">At head of title: al-Jumh&#x16B;r&#x12B;yah al-&#x2BB;Arab&#x12B;yah al-S&#x16B;r&#x12B;yah. Waz&#x101;rat al-thaq&#x101;fah wa-al-irsh&#x101;d al-qawm&#x12B;, Mud&#x12B;r&#x12B;yat al-ta&#x2BC;l&#x12B;f wa-al-tarjamah.</subfield>
  </datafield>
  <datafield tag="650" ind1=" " ind2="0">
    <subfield code="a">Folk music</subfield>
    <subfield code="z">Arab countries</subfield>
    <subfield code="x">History and criticism.</subfield>
  </datafield>
  <datafield tag="999" ind1=" " ind2=" ">
    <subfield code="c">48722</subfield>
    <subfield code="d">48722</subfield>
  </datafield>
</record>
